00521nam a2200181 a 4500001001300000003000900013005001700022008004100039020002300080082001900103100002000122245005800142260005000200300000900250500003500259650002500294700002000319nice12345678IN_TiNIC20260116014208.0071218s2007 newa grp 000 0 eng  a8175963832 c29500a305.80954bBRO aBrown, Judith M aGlobal South Asiansb Introducing the Modern Diaspora aNew Delhi bCambridge University Press c2007 a197p aincludes index and biblioraphy aEthnicity-South Asia1 aBrown, Judith M